000 00542nam a22001937a 4500
999 _c7518
_d7518
003 Ost
005 20191009160441.0
008 191009b ||||| |||| 00| 0 eng d
020 _a9784832913950
040 _cBT-PhCST
050 _aD4091
082 _222
_a582.13095498
_bNAK
100 _aNakao, Sasuke.
245 _aFlowers of Bhutan /
260 _aSapporo, Japan :
_bHokkaido University Press,
_cc2011.
300 _avi, 162 p. :
_bill. (col.), map (folded) and photographs;
_c26 cm..
700 _aNishioka, Keiji.
942 _2ddc
_cGEN